Фиксирующие устройства в автоматических станочных системах

Մատենագիտական մանրամասներ
Հիմնական հեղինակ: Добровольский В. Л. Виталий Леонидович
Լեզու:ռուսերեն
Հրապարակվել է: Москва, Машиностроение, 1989
Խորագրեր:
Ձևաչափ: MixedMaterials Գիրք
KOHA link:https://koha.lib.tpu.ru/cgi-bin/koha/opac-detail.pl?biblionumber=251288

MARC

LEADER 00000nam0a2200000 4500
001 251288
005 20231101232637.0
010 |a 5217004452 
035 |a (RuTPU)RU\TPU\book\273564 
090 |a 251288 
100 |a 20140220d1989 k y0rusy50 ca 
101 0 |a rus 
102 |a RU 
105 |a a z 001zy 
200 1 |a Фиксирующие устройства в автоматических станочных системах  |f В. Л. Добровольский 
210 |a Москва  |c Машиностроение  |d 1989 
215 |a 72 с.  |c ил. 
320 |a Библиогр.: с. 68. 
606 1 |a Металлорежущие станки-автоматы  |2 stltpush  |3 (RuTPU)RU\TPU\subj\42662  |9 62321 
610 1 |a станочные системы 
610 1 |a фиксирующие устройства 
610 1 |a конструкции 
610 1 |a динамические нагрузки 
610 1 |a расчеты 
610 1 |a точность 
610 1 |a жесткость 
675 |a 621.9.06-52  |v 3 
700 1 |a Добровольский  |b В. Л.  |g Виталий Леонидович 
801 1 |a RU  |b 63413507  |c 20140220 
801 2 |a RU  |b 63413507  |c 20150925  |g RCR 
942 |c BK